[Event "V Corsicoscacchi"]
[Site "Corsico ITA"]
[Date "1992.10.??"]
[Round "1"]
[White "De Francisci, Lorenzo"]
[Black "Griffa, Roberto"]
[WhiteElo "1764"]
[BlackElo "1857"]
[Result "1/2-1/2"]
[PlyCount "52"]
[EventDate "1992.10.10"]

1. e4 c5 2. Nf3 Nc6 3. d4 cxd4 4. Nxd4 e5 5. Nf3 Nf6 6. Bd3 d5 7. exd5 Nxd5 8.
Be4 Be6 9. Ng5 Nc7 10. Bxc6+ bxc6 11. O-O Be7 12. Nxe6 Nxe6 13. Qf3 Qc7 14. Nc3
Nd4 15. Qe4 O-O 16. Be3 Rad8 17. Bxd4 Rxd4 18. Qe2 Rb8 19. b3 Qa5 20. Na4 Rd2
21. Qe4 Qd5 22. Qxd5 cxd5 23. Rfd1 Rxc2 24. Rxd5 Rd8 25. Rxd8+ Bxd8 26. Rd1 Be7
1/2-1/2

[Event "V Corsicoscacchi"]
[Site "Corsico ITA"]
[Date "1992.10.??"]
[Round "1"]
[White "Gasperoni, Stefano"]
[Black "Luciani, Valerio"]
[WhiteElo "1875"]
[BlackElo "1905"]
[Result "1/2-1/2"]
[PlyCount "34"]
[EventDate "1992.10.10"]

1. e4 e6 2. d4 d5 3. Nd2 c5 4. exd5 Qxd5 5. Ngf3 cxd4 6. Bc4 Qd6 7. O-O Nc6 8.
Nb3 Nf6 9. Nbxd4 Nxd4 10. Nxd4 a6 11. c3 Be7 12. Qf3 O-O 13. Re1 Qc7 14. Bb3
Rb8 15. Bg5 Nd5 16. Bxe7 Nxe7 17. Rad1 b5 1/2-1/2

[Event "V Corsicoscacchi"]
[Site "Corsico ITA"]
[Date "1992.10.??"]
[Round "1"]
[White "Giani, Franco"]
[Black "Castiglioni, Giancarlo"]
[WhiteElo "1848"]
[BlackElo "2067"]
[Result "0-1"]
[PlyCount "119"]
[EventDate "1992.10.10"]

1. e4 e5 2. d4 exd4 3. Bd3 Nc6 4. Nf3 d6 5. O-O Nf6 6. Bf4 Bg4 7. Nbd2 Ne5 8.
Be2 Be7 9. Nxd4 Bxe2 10. Qxe2 O-O 11. Nf5 Re8 12. Rad1 Qd7 13. Nf3 Ng6 14. Bg3
Bf8 15. Nd2 Qxf5 16. exf5 Rxe2 17. fxg6 hxg6 18. c3 Rae8 19. f3 c6 20. Rfe1 d5
21. Rxe2 Rxe2 22. Kf1 Re6 23. Bf2 b6 24. a4 Bc5 25. Re1 Rxe1+ 26. Kxe1 Bxf2+
27. Kxf2 Kf8 28. a5 bxa5 29. Nb3 a4 30. Nc5 Ke7 31. Nxa4 Kd6 32. b4 Nd7 33. Ke3
c5 34. f4 Kc6 35. bxc5 Nxc5 36. Nb2 a5 37. c4 a4 38. cxd5+ Kxd5 39. Nd1 a3 40.
Kd2 Ke4 41. g3 Kf3 42. Kc2 Kg2 43. f5 g5 44. h4 Kxg3 45. hxg5 Kf4 46. Kb1 Kxf5
47. Ka2 Kxg5 48. Kxa3 Kf4 49. Kb4 Ne4 50. Kc4 g5 51. Kd3 Kf3 52. Ne3 Nf2+ 53.
Kd4 g4 54. Nf1 g3 55. Nxg3 Kxg3 56. Ke5 Ng4+ 57. Kf5 Kh4 58. Kf4 Nh6 59. Ke5
Kg4 60. Ke4 0-1

[Event "V Corsicoscacchi"]
[Site "Corsico ITA"]
[Date "1992.10.??"]
[Round "1"]
[White "Lanzani, Giuliano"]
[Black "Landais, Federico"]
[WhiteElo "1770"]
[BlackElo "1899"]
[Result "1-0"]
[PlyCount "79"]
[EventDate "1992.10.10"]

1. e4 c6 2. d4 d5 3. e5 Bf5 4. Be2 e6 5. Nf3 c5 6. c3 Nc6 7. Be3 Qb6 8. Qb3
cxd4 9. Nxd4 Nxd4 10. Bxd4 Qxb3 11. axb3 a6 12. Bb5+ Kd8 13. Bb6+ Kc8 14. Nd2
Be7 15. Nf3 Bd8 16. Bxd8 Kxd8 17. Nd4 Be4 18. f3 Bg6 19. h4 h6 20. h5 Bh7 21.
Be2 Ne7 22. Nb5 Nc8 23. c4 Rb8 24. Nd6 Ke7 25. c5 Na7 26. b4 Nc6 27. b5 axb5
28. f4 b4 29. Bb5 Nd4 30. Kf2 Nb3 31. Ra7 Nxc5 32. Rc1 Ne4+ 33. Nxe4 Bxe4 34.
Rc7+ Kf8 35. Raxb7 Rxb7 36. Rxb7 g6 37. hxg6 Bxg6 38. Bd7 Be4 39. Rxb4 Ke7 40.
Bc6 1-0

[Event "V Corsicoscacchi"]
[Site "Corsico ITA"]
[Date "1992.10.??"]
[Round "1"]
[White "Larghi, Riccardo"]
[Black "Morando, Enrico"]
[WhiteElo "1986"]
[BlackElo "1800"]
[Result "0-1"]
[PlyCount "52"]
[EventDate "1992.10.10"]

1. e4 e5 2. Nf3 Nc6 3. Bb5 a6 4. Ba4 Nf6 5. O-O Be7 6. Re1 b5 7. Bb3 O-O 8. c3
d5 9. exd5 Nxd5 10. Nxe5 Nxe5 11. Rxe5 c6 12. d4 Bd6 13. Re1 Qh4 14. g3 Qh3 15.
Be3 Bg4 16. Qd3 Rae8 17. Nd2 Re6 18. Qf1 Qh5 19. Bxd5 cxd5 20. f3 Rf6 21. f4 g5
22. Qg2 gxf4 23. Bxf4 Bxf4 24. gxf4 Rg6 25. Kf2 Bh3 26. Qf3 Qh4+ 0-1

[Event "V Corsicoscacchi"]
[Site "Corsico ITA"]
[Date "1992.10.??"]
[Round "1"]
[White "Leoni, Fabrizio"]
[Black "Quagliarella, Sabino Remo"]
[WhiteElo "1812"]
[BlackElo "1868"]
[Result "0-1"]
[PlyCount "124"]
[EventDate "1992.10.10"]

1. d4 d6 2. Nf3 g6 3. e4 Bg7 4. Nc3 Bg4 5. Be2 c6 6. O-O Nd7 7. Be3 Qc7 8. a4
Bxf3 9. Bxf3 e5 10. d5 Ne7 11. Qd2 O-O 12. Rfd1 c5 13. Nb5 Qb8 14. Bg5 Nf6 15.
a5 a6 16. Na3 b5 17. axb6 Qxb6 18. Nc4 Qb8 19. Ra3 Nc8 20. Qa5 h6 21. Rb3 Qa7
22. Be3 Qd7 23. Ra1 g5 24. g3 Ne8 25. Nb6 Nxb6 26. Rxb6 f5 27. Rxa6 Rxa6 28.
Qxa6 f4 29. gxf4 exf4 30. Bc1 Qh3 31. Ra3 Bd4 32. Qf1 Qh4 33. Qg2 Kh8 34. Bg4
Nf6 35. Bf5 Qh5 36. Rh3 Qd1+ 37. Qf1 Qxf1+ 38. Kxf1 Kg7 39. Ra3 Nxd5 40. Ra7+
Kf6 41. Rh7 Ne7 42. Rxh6+ Kg7 43. Rh7+ Kf6 44. Rh6+ Kg7 45. Rxd6 Nxf5 46. exf5
Ra8 47. c3 Bf6 48. Bd2 f3 49. Be1 Be5 50. Rd5 Kf6 51. Rxc5 Rh8 52. Rc6+ Kxf5
53. b4 Bxh2 54. c4 Bf4 55. Kg1 Rd8 56. Ra6 Rd1 57. Ra5+ Ke4 58. Kf1 Bd2 59. Kg1
Rxe1+ 60. Kh2 Bf4+ 61. Kh3 Rh1+ 62. Kg4 Rh4# 0-1

[Event "V Corsicoscacchi"]
[Site "Corsico ITA"]
[Date "1992.10.??"]
[Round "1"]
[White "Marino, Marco"]
[Black "Cividali, Emilio"]
[WhiteElo "1779"]
[BlackElo "1800"]
[Result "1/2-1/2"]
[PlyCount "30"]
[EventDate "1992.10.10"]

1. e4 c5 2. Nf3 e6 3. d4 cxd4 4. Nxd4 Nf6 5. Nc3 d6 6. Bc4 Nc6 7. Be3 Be7 8.
Bb3 O-O 9. O-O Na5 10. f4 Nxb3 11. axb3 a6 12. Ndb5 Rb8 13. Ba7 Ra8 14. Be3 Rb8
15. Ba7 Ra8 1/2-1/2

[Event "V Corsicoscacchi"]
[Site "Corsico ITA"]
[Date "1992.10.??"]
[Round "1"]
[White "Mascheroni, Maurizio"]
[Black "Troiani, Mauro"]
[WhiteElo "1830"]
[BlackElo "1830"]
[Result "1-0"]
[PlyCount "147"]
[EventDate "1992.10.10"]

1. e4 e5 2. Nf3 Nc6 3. Bb5 a6 4. Bxc6 dxc6 5. d4 exd4 6. Qxd4 Qxd4 7. Nxd4 c5
8. Ne2 Bd6 9. O-O Be6 10. Nf4 Bd7 11. Be3 O-O-O 12. Nd2 Nf6 13. f3 Bb5 14. Rfe1
Rhe8 15. a4 Bc6 16. Nc4 b6 17. Nd3 Bf8 18. Nce5 Bb7 19. Nxf7 Rd7 20. Nfe5 Rde7
21. Nc4 Nxe4 22. fxe4 Rxe4 23. Bf2 b5 24. axb5 axb5 25. Nd2 Rxe1+ 26. Rxe1 Rd8
27. Bh4 Rd4 28. Re8+ Kd7 29. Rd8+ Ke6 30. Rxd4 cxd4 31. Nb3 Kd5 32. Nd2 c5 33.
Nf4+ Ke5 34. Bg3 Kf5 35. Ne2 g6 36. Bf2 Ke5 37. g4 Bg7 38. Bg3+ Ke6 39. Nb3 Bf8
40. Nf4+ Kd7 41. Nd3 Kc6 42. Kf2 Bc8 43. h3 Be6 44. Nf4 Bf7 45. Nd3 Kd5 46. Ne5
Be8 47. c3 dxc3 48. bxc3 Bg7 49. Nd3 Bxc3 50. Ndxc5 Kc4 51. Bd6 Kd5 52. Bf8 Bf7
53. Ke3 Bb4 54. Nd7 Bxf8 55. Nxf8 h5 56. g5 Ke5 57. Nd4 Kd6 58. Nxb5+ Ke7 59.
Nh7 Bc4 60. Nd4 Kf7 61. h4 Kg7 62. Nf6 Ba2 63. Kf4 Kf7 64. Ke5 Bb1 65. Kd6 Ba2
66. Nc6 Bb1 67. Ne5+ Kg7 68. Ke7 Bc2 69. Nfd7 Bb1 70. Nf8 Bc2 71. Nfxg6 Bd1 72.
Nf4 Kg8 73. Nd7 Bg4 74. Nf6+ 1-0

[Event "V Corsicoscacchi"]
[Site "Corsico ITA"]
[Date "1992.10.??"]
[Round "1"]
[White "Milanesi, Bruno"]
[Black "Poletto, Daniele"]
[WhiteElo "1917"]
[BlackElo "1863"]
[Result "1-0"]
[PlyCount "115"]
[EventDate "1992.10.10"]

1. d4 Nf6 2. c4 g6 3. f3 Bg7 4. e4 d6 5. Ne2 O-O 6. Nec3 e5 7. Be3 Nc6 8. d5
Ne7 9. Qd2 Nd7 10. Bd3 f5 11. exf5 gxf5 12. Na3 f4 13. Bf2 Ng6 14. O-O-O a5 15.
Ne4 b6 16. Kb1 Nc5 17. Nxc5 bxc5 18. Qc2 Qf6 19. Nb5 Rf7 20. Nc3 Bf5 21. Ne4
Qe7 22. Nxc5 Bxd3 23. Nxd3 e4 24. fxe4 Qxe4 25. Ne1 Qxc2+ 26. Nxc2 Ne5 27. Na3
Rb8 28. Bd4 Ng4 29. Bxg7 Kxg7 30. Rd4 Ne3 31. Rg1 Kh8 32. Nc2 Nxc2 33. Kxc2 Rg8
34. Rd2 f3 35. g3 h5 36. Rf2 h4 37. g4 Rf4 38. Kc3 Re8 39. b3 a4 40. h3 axb3
41. axb3 Re3+ 42. Kb4 Rd4 43. Rb1 Rdd3 44. Kb5 Re2 45. Rb2 Rxb3+ 46. Rxb3 Rxf2
47. Kc6 Rc2 48. Kxc7 Rxc4+ 49. Kxd6 Rf4 50. Rb1 f2 51. Rf1 Rf3 52. Ke5 Rxh3 53.
Rxf2 Rg3 54. d6 h3 55. d7 Rd3 56. Rf8+ Kg7 57. d8=Q Rxd8 58. Rxd8 1-0

[Event "V Corsicoscacchi"]
[Site "Corsico ITA"]
[Date "1992.10.??"]
[Round "1"]
[White "Pace, Roberto"]
[Black "Marelli, Mauro"]
[WhiteElo "1830"]
[BlackElo "1950"]
[Result "1/2-1/2"]
[PlyCount "68"]
[EventDate "1992.10.10"]

1. e4 d5 2. exd5 Qxd5 3. Nc3 Qd6 4. Nf3 Nf6 5. d4 c6 6. Bd3 Bg4 7. Be3 e6 8.
Qd2 Bxf3 9. gxf3 Nbd7 10. O-O-O Qc7 11. Ne4 Nd5 12. c3 Be7 13. Rdg1 g6 14. h4
Nxe3 15. fxe3 O-O-O 16. Kb1 h6 17. f4 h5 18. Ng5 Rdf8 19. Bc4 Qd6 20. e4 Nb6
21. Bb3 c5 22. Qe3 cxd4 23. cxd4 Bxg5 24. fxg5 Rd8 25. Rd1 Kb8 26. Qf2 Rhf8 27.
Rh3 Rd7 28. Rf3 Qc6 29. Qh2+ Ka8 30. Qc2 Qd6 31. Qf2 Qc6 32. Qe2 Rfd8 33. Rfd3
a6 34. Qf3 Qd6 1/2-1/2

[Event "V Corsicoscacchi"]
[Site "Corsico ITA"]
[Date "1992.10.??"]
[Round "1"]
[White "Rizzuti, Pasquale"]
[Black "Silingardi, Pompeo"]
[WhiteElo "1714"]
[BlackElo "1815"]
[Result "0-1"]
[PlyCount "82"]
[EventDate "1992.10.10"]

1. e4 e6 2. d4 d5 3. e5 c5 4. c3 Nc6 5. Nf3 Bd7 6. Bg5 Qb6 7. Qb3 Qxb3 8. axb3
cxd4 9. Bd3 dxc3 10. bxc3 Nge7 11. O-O Ng6 12. Re1 Bc5 13. b4 Bb6 14. Na3 a6
15. Nb5 O-O 16. Nd6 Rab8 17. h4 Ngxe5 18. Bc2 Nxf3+ 19. gxf3 Bc7 20. b5 Bxd6
21. bxc6 Bxc6 22. h5 Rbc8 23. Bd2 d4 24. Kg2 dxc3 25. Be3 Rfd8 26. Rh1 Be5 27.
Rag1 Bb5 28. f4 Bc6+ 29. f3 Bd4 30. Kf2 Bxe3+ 31. Kxe3 Rd2 32. Be4 Bxe4 33.
fxe4 Rcd8 34. f5 c2 35. f6 Rd1 36. Rxg7+ Kh8 37. Rxd1 cxd1=Q 38. h6 Qd2+ 39.
Kf3 Rd3+ 40. Kg4 Qxh6 41. e5 Qxg7+ 0-1

[Event "V Corsicoscacchi"]
[Site "Corsico ITA"]
[Date "1992.10.??"]
[Round "2"]
[White "Castiglioni, Giancarlo"]
[Black "Quagliarella, Sabino Remo"]
[WhiteElo "2067"]
[BlackElo "1868"]
[Result "1-0"]
[PlyCount "137"]
[EventDate "1992.10.10"]

1. c4 e5 2. Nc3 Nf6 3. Nf3 d6 4. d4 exd4 5. Nxd4 Be7 6. g3 O-O 7. Bg2 c6 8. O-O
Nbd7 9. Nf5 Ne5 10. Nxe7+ Qxe7 11. b3 Be6 12. Bg5 Rfd8 13. Ne4 d5 14. cxd5 Bxd5
15. Qc2 Bxe4 16. Bxe4 h6 17. Bxf6 Qxf6 18. Rad1 Rxd1 19. Rxd1 Ng4 20. e3 Qg5
21. Rd7 Qh5 22. h4 Nf6 23. Rxb7 g5 24. Qxc6 Nxe4 25. Qxe4 gxh4 26. Qxh4 Qd1+
27. Kh2 Qf3 28. Re7 Qxf2+ 29. Kh3 Qf1+ 30. Kg4 Qe2+ 31. Kf5 Qb5+ 32. Kf4 Qf1+
33. Kg4 Kg7 34. Qh3 Qd1+ 35. Kh4 Qd8 36. Qd7 Qf8 37. Qd4+ Kg8 38. Rxa7 Rxa7 39.
Qxa7 Qd8+ 40. Kh3 Qc8+ 41. g4 Qc6 42. Qb8+ Kh7 43. Qf4 Qh1+ 44. Kg3 Qg1+ 45.
Kf3 Qh1+ 46. Kf2 Qh4+ 47. Ke2 Qe7 48. a4 Qb7 49. Qc4 Qg2+ 50. Kd3 Qf1+ 51. Kd2
Qf2+ 52. Kc3 Qf6+ 53. Qd4 Qc6+ 54. Kb4 Qb7+ 55. Ka3 Qe7+ 56. b4 Qc7 57. a5 Qc1+
58. Ka4 Qc6+ 59. b5 Qc2+ 60. Kb4 Qb1+ 61. Kc5 Qb3 62. Qe4+ Kg7 63. a6 Qa3+ 64.
Kc6 Qc3+ 65. Kb7 Qb3 66. b6 Qb5 67. Qd4+ f6 68. a7 Qf1 69. Qd7+ 1-0

[Event "V Corsicoscacchi"]
[Site "Corsico ITA"]
[Date "1992.10.??"]
[Round "2"]
[White "Cividali, Emilio"]
[Black "De Francisci, Lorenzo"]
[WhiteElo "1800"]
[BlackElo "1764"]
[Result "1-0"]
[PlyCount "25"]
[EventDate "1992.10.10"]

1. d4 d5 2. c4 dxc4 3. e4 c5 4. d5 e6 5. Nc3 exd5 6. Nxd5 a6 7. Bf4 Bd6 8. e5
Bc7 9. Bxc4 b5 10. Nxc7+ Qxc7 11. e6 Qxf4 12. exf7+ Ke7 13. Qe2+ 1-0

[Event "V Corsicoscacchi"]
[Site "Corsico ITA"]
[Date "1992.10.??"]
[Round "2"]
[White "Gasperoni, Stefano"]
[Black "Pace, Roberto"]
[WhiteElo "1875"]
[BlackElo "1830"]
[Result "1-0"]
[PlyCount "90"]
[EventDate "1992.10.10"]

1. e4 Nc6 2. d4 e5 3. dxe5 Nxe5 4. Nf3 Ng6 5. Nc3 d6 6. Be2 Be7 7. Be3 Nf6 8.
h3 O-O 9. Qd2 Bd7 10. g4 Bc6 11. Bd3 d5 12. Nd4 Ne5 13. f4 Nxd3+ 14. cxd3 dxe4
15. Nxc6 bxc6 16. dxe4 Bb4 17. Qc2 Qe7 18. e5 Nd5 19. Ke2 Nxe3 20. Kxe3 f6 21.
Ne4 fxe5 22. f5 Ba5 23. Qxc6 Bb6+ 24. Kf3 Rab8 25. Rac1 Rfd8 26. Rhd1 Rd4 27.
Rxd4 exd4 28. Ke2 Qh4 29. Rh1 Qe7 30. Kd3 Qe5 31. Re1 Qf4 32. Qe6+ Kh8 33. Qe7
Kg8 34. Ng5 Qg3+ 35. Kc2 d3+ 36. Kd1 Qd6 37. Qxd6 cxd6 38. Re7 Bd4 39. Ne6 Bf6
40. Rxa7 Rc8 41. Rc7 Rb8 42. b3 Ra8 43. Kd2 Rxa2+ 44. Kxd3 Rh2 45. b4 Rxh3+ 1-0

[Event "V Corsicoscacchi"]
[Site "Corsico ITA"]
[Date "1992.10.??"]
[Round "2"]
[White "Landais, Federico"]
[Black "Troiani, Mauro"]
[WhiteElo "1899"]
[BlackElo "1830"]
[Result "1-0"]
[PlyCount "65"]
[EventDate "1992.10.10"]

1. e4 c5 2. c4 Nc6 3. Nc3 Nf6 4. d3 g6 5. g3 Bg7 6. Bg2 d6 7. Nge2 O-O 8. Qd2
Bd7 9. b3 e5 10. Bb2 Nd4 11. f3 a6 12. g4 h5 13. h3 h4 14. O-O Nh7 15. Nd5 Bc6
16. Nxd4 cxd4 17. Ba3 Bxd5 18. exd5 Qf6 19. f4 exf4 20. Rxf4 Qd8 21. Re4 Qd7
22. Rae1 Bf6 23. Qf2 Bd8 24. Qxd4 Bf6 25. Qf2 a5 26. Bb2 Bxb2 27. Re7 Qc8 28.
Qxb2 b5 29. Be4 Ng5 30. Kg2 Nxe4 31. R1xe4 b4 32. Qf6 Qd8 33. g5 1-0

[Event "V Corsicoscacchi"]
[Site "Corsico ITA"]
[Date "1992.10.??"]
[Round "2"]
[White "Leoni, Fabrizio"]
[Black "Giani, Franco"]
[WhiteElo "1812"]
[BlackElo "1848"]
[Result "1-0"]
[PlyCount "45"]
[EventDate "1992.10.10"]

1. d4 d6 2. Nf3 g6 3. e4 Bg7 4. Nc3 f5 5. Bf4 c6 6. e5 dxe5 7. dxe5 Qa5 8. Bc4
Nd7 9. O-O Nxe5 10. Bb3 Nxf3+ 11. Qxf3 Nf6 12. Rfe1 Bd7 13. Qe2 Bf8 14. Rad1
O-O-O 15. Bd5 Ne8 16. Qe5 Qc7 17. Qxh8 Qxf4 18. Qxf8 Nf6 19. Qxe7 Ng4 20. Qh4
cxd5 21. Nxd5 Qc4 22. Ne7+ Kb8 23. Nc6+ 1-0

[Event "V Corsicoscacchi"]
[Site "Corsico ITA"]
[Date "1992.10.??"]
[Round "2"]
[White "Luciani, Valerio"]
[Black "Marino, Marco"]
[WhiteElo "1905"]
[BlackElo "1779"]
[Result "1-0"]
[PlyCount "59"]
[EventDate "1992.10.10"]

1. d4 Nf6 2. c4 e6 3. g3 Bb4+ 4. Bd2 Qe7 5. Bg2 O-O 6. Nf3 d5 7. b3 Ne4 8. Qc2
Nxd2 9. Nbxd2 c6 10. O-O Bxd2 11. Nxd2 Qf6 12. e3 Nd7 13. Rac1 Nb6 14. Nf3 dxc4
15. bxc4 Rd8 16. Rb1 Nd7 17. e4 c5 18. d5 exd5 19. cxd5 b6 20. Rfe1 Re8 21. Qa4
Re7 22. e5 Nxe5 23. Nxe5 Rxe5 24. Rxe5 Qxe5 25. d6 Bf5 26. Bxa8 Bxb1 27. d7 Qd6
28. Qc6 Qd1+ 29. Kg2 Kf8 30. Qc8+ 1-0

[Event "V Corsicoscacchi"]
[Site "Corsico ITA"]
[Date "1992.10.??"]
[Round "2"]
[White "Marelli, Mauro"]
[Black "Castoldi, Bruno"]
[WhiteElo "1950"]
[BlackElo "1776"]
[Result "1-0"]
[PlyCount "42"]
[EventDate "1992.10.10"]

1. d4 Nf6 2. c4 e6 3. Nf3 c5 4. d5 exd5 5. cxd5 g6 6. Nc3 d6 7. e4 Bg7 8. Bb5+
Bd7 9. Bxd7+ Nbxd7 10. O-O a6 11. Bf4 Qc7 12. Re1 Nh5 13. Be3 O-O 14. a4 Rfe8
15. Qe2 Nhf6 16. Rac1 Rab8 17. Nd2 b5 18. f3 Ne5 19. b3 c4 20. bxc4 bxc4 21.
Nd1 Nd3 1-0

[Event "V Corsicoscacchi"]
[Site "Corsico ITA"]
[Date "1992.10.??"]
[Round "2"]
[White "Mascheroni, Maurizio"]
[Black "Lanzani, Giuliano"]
[WhiteElo "1830"]
[BlackElo "1770"]
[Result "1/2-1/2"]
[PlyCount "31"]
[EventDate "1992.10.10"]

1. e4 e5 2. Nf3 Nc6 3. Bb5 Nd4 4. Nxd4 exd4 5. O-O c6 6. Bc4 Nf6 7. d3 d6 8. c3
dxc3 9. Nxc3 Be7 10. a4 O-O 11. Bg5 Be6 12. Bxe6 fxe6 13. Qb3 Qd7 14. d4 d5 15.
e5 Nh5 16. Bxe7 1/2-1/2

[Event "V Corsicoscacchi"]
[Site "Corsico ITA"]
[Date "1992.10.??"]
[Round "2"]
[White "Morando, Enrico"]
[Black "Milanesi, Bruno"]
[WhiteElo "1800"]
[BlackElo "1917"]
[Result "0-1"]
[PlyCount "100"]
[EventDate "1992.10.10"]

1. e4 c5 2. Nf3 a6 3. d4 cxd4 4. Nxd4 Nf6 5. Nc3 e5 6. Nb3 Bb4 7. Bd3 O-O 8.
O-O h6 9. f4 d6 10. f5 Nbd7 11. Qf3 Nc5 12. Qg3 Kh7 13. Nxc5 Bxc5+ 14. Kh1 b5
15. Qh3 Bb7 16. Rf3 b4 17. Rg3 Rg8 18. Nd5 Bxd5 19. exd5 Bf2 20. Rf3 Bd4 21.
Bg5 Qe8 22. Qh4 e4 23. Re1 Bxb2 24. Rh3 Qf8 25. Bxe4 Nxe4 26. Qxe4 f6 27. Bd2
a5 28. Rhe3 Be5 29. Qg4 Qf7 30. Qf3 Rgc8 31. Qe4 Rc5 32. a3 Qxd5 33. axb4 Qxe4
34. Rxe4 axb4 35. Bxb4 Rxc2 36. R4e2 Rxe2 37. Rxe2 Ra1+ 38. Re1 Ra4 39. Bd2 Ra2
40. Rd1 Kg8 41. Bb4 Kf7 42. h3 Ke7 43. Kg1 Kd7 44. Rd2 Ra4 45. Bc5 Rf4 46. g4
h5 47. Rg2 dxc5 48. Rd2+ Rd4 49. Ra2 hxg4 50. Ra7+ Bc7 0-1

[Event "V Corsicoscacchi"]
[Site "Corsico ITA"]
[Date "1992.10.??"]
[Round "2"]
[White "Poletto, Daniele"]
[Black "Larghi, Riccardo"]
[WhiteElo "1863"]
[BlackElo "1986"]
[Result "1-0"]
[PlyCount "58"]
[EventDate "1992.10.10"]

1. c4 e5 2. Nc3 Nc6 3. g3 g6 4. Bg2 Bg7 5. e4 Nge7 6. Nge2 d6 7. O-O Bg4 8. h3
Be6 9. d3 Qd7 10. Nd5 h6 11. f4 O-O-O 12. Kh2 f5 13. Qa4 a6 14. Rb1 fxe4 15.
dxe4 exf4 16. Nexf4 Be5 17. Nxe6 Qxe6 18. Be3 g5 19. b4 Rdf8 20. b5 Nb8 21. Ba7
Bxg3+ 22. Kg1 Nxd5 23. cxd5 Qd7 24. Qb3 Be5 25. bxa6 b6 26. Rfc1 Bd4+ 27. Kh1
Bc5 28. Bxb6 cxb6 29. Qxb6 Qc7 1-0

[Event "V Corsicoscacchi"]
[Site "Corsico ITA"]
[Date "1992.10.??"]
[Round "2"]
[White "Silingardi, Pompeo"]
[Black "Astengo, Marcello"]
[WhiteElo "1815"]
[BlackElo "1923"]
[Result "0-1"]
[PlyCount "56"]
[EventDate "1992.10.10"]

1. e4 e6 2. d4 d5 3. Nc3 Bb4 4. e5 c5 5. a3 Bxc3+ 6. bxc3 Ne7 7. Qg4 Qc7 8. Bd3
cxd4 9. Ne2 Nbc6 10. Qxg7 Rg8 11. Qxh7 Nxe5 12. cxd4 Nxd3+ 13. Qxd3 Rxg2 14.
Ng3 e5 15. h4 e4 16. Qb3 Nf5 17. Nxf5 Bxf5 18. Bd2 O-O-O 19. Rb1 b6 20. Qc3 Bg4
21. Qxc7+ Kxc7 22. Kf1 Bf3 23. h5 Rg4 24. Rg1 Rdg8 25. Rxg4 Rxg4 26. Bc1 Rh4
27. Ke1 Bxh5 28. Rb5 Rh1+ 0-1

[Event "V Corsicoscacchi"]
[Site "Corsico ITA"]
[Date "1992.10.??"]
[Round "3"]
[White "Astengo, Marcello"]
[Black "Castiglioni, Giancarlo"]
[WhiteElo "1923"]
[BlackElo "2067"]
[Result "0-1"]
[PlyCount "78"]
[EventDate "1992.10.10"]

1. d4 d5 2. Nf3 Nf6 3. Bf4 g6 4. e3 Bg7 5. c4 c5 6. Nc3 Qa5 7. Qd2 cxd4 8. Nxd4
dxc4 9. Bxc4 O-O 10. Ndb5 Nc6 11. Bc7 Qb4 12. Be2 Bf5 13. a3 Qb3 14. Bd1 Qe6
15. O-O Rac8 16. Bg3 Rfd8 17. Nd4 Nxd4 18. exd4 Ne4 19. Nxe4 Bxe4 20. Re1 Rxd4
21. Qf4 Qd7 22. Bg4 f5 23. Rxe4 fxg4 24. Rxd4 Qxd4 25. Rc1 Qxf4 26. Bxf4 Rxc1+
27. Bxc1 Kf7 28. Kf1 Ke6 29. Ke2 Kd5 30. b3 b5 31. Kd3 e5 32. Kc3 Bf8 33. b4 e4
34. Kb3 a6 35. a4 Kd4 36. a5 Kd3 37. Bb2 Bh6 38. Be5 Bd2 39. Bf6 Be1 0-1

[Event "V Corsicoscacchi"]
[Site "Corsico ITA"]
[Date "1992.10.??"]
[Round "3"]
[White "Castoldi, Bruno"]
[Black "De Francisci, Lorenzo"]
[WhiteElo "1776"]
[BlackElo "1764"]
[Result "1-0"]
[PlyCount "35"]
[EventDate "1992.10.10"]

1. e4 e5 2. Nf3 Nc6 3. d4 exd4 4. Nxd4 Qf6 5. Be3 Bc5 6. c3 Nge7 7. Bc4 O-O 8.
O-O Bd6 9. Nd2 Ng6 10. N2f3 h6 11. Qd2 Nce5 12. Nxe5 Qxe5 13. f4 Qxe4 14. Rad1
Kh7 15. Bd3 Qd5 16. Nf3 Kg8 17. Ne5 Nxe5 18. Bh7+ 1-0

[Event "V Corsicoscacchi"]
[Site "Corsico ITA"]
[Date "1992.10.??"]
[Round "3"]
[White "Landais, Federico"]
[Black "Poletto, Daniele"]
[WhiteElo "1899"]
[BlackElo "1863"]
[Result "1-0"]
[PlyCount "69"]
[EventDate "1992.10.10"]

1. e4 c5 2. c4 e5 3. Nc3 Nc6 4. d3 d6 5. g3 g6 6. Bg2 Bg7 7. Nge2 Nge7 8. Qd2
O-O 9. h4 h5 10. b3 Nd4 11. O-O Bh3 12. f3 Qd7 13. Bb2 Kh7 14. Kh2 Bxg2 15.
Kxg2 Bh6 16. f4 f5 17. Rf2 Ng8 18. Nd5 Nf6 19. Bxd4 cxd4 20. Nxf6+ Rxf6 21.
Raf1 fxe4 22. dxe4 Raf8 23. Qd3 g5 24. hxg5 Rg6 25. gxh6 h4 26. fxe5 Rxf2+ 27.
Rxf2 Rxh6 28. Rf5 Qg7 29. Qf3 Kg8 30. Nxd4 hxg3 31. Ne2 Rh2+ 32. Kg1 Rf2 33.
Qxg3 Qxg3+ 34. Nxg3 Rxa2 35. exd6 1-0

[Event "V Corsicoscacchi"]
[Site "Corsico ITA"]
[Date "1992.10.??"]
[Round "3"]
[White "Lanzani, Giuliano"]
[Black "Gasperoni, Stefano"]
[WhiteElo "1770"]
[BlackElo "1875"]
[Result "0-1"]
[PlyCount "122"]
[EventDate "1992.10.10"]

1. e4 e5 2. Nf3 Nc6 3. Bc4 Nf6 4. d4 exd4 5. O-O Nxe4 6. Re1 d5 7. Bxd5 Qxd5 8.
Nc3 Qa5 9. Nxe4 Be6 10. Bd2 Qd5 11. Bg5 Bd6 12. c3 O-O 13. Nxd4 Nxd4 14. Qxd4
Qxd4 15. cxd4 Bb4 16. Nc3 Rfe8 17. a3 Ba5 18. b4 Bb6 19. d5 Bf5 20. Be3 Bxe3
21. Rxe3 Bd7 22. Rae1 Rxe3 23. fxe3 f5 24. e4 fxe4 25. Nxe4 Re8 26. Kf2 Re5 27.
d6 cxd6 28. Nxd6 Rxe1 29. Kxe1 Bc6 30. g3 Kf8 31. Kd2 a6 32. Kc3 Ke7 33. Nf5+
Kf6 34. Nd4 Bd7 35. Kc4 Ke5 36. Nf3+ Ke4 37. Ng5+ Ke3 38. Nxh7 Kf2 39. Kd4 Kg2
40. Ke3 Kxh2 41. Kf2 Kh3 42. Ng5+ Kg4 43. Nf3 Kf5 44. Ke3 g5 45. Kd4 Bc6 46.
Ne5 Bg2 47. Nf7 g4 48. Ne5 Bf3 49. Nd3 Ke6 50. Kc5 Kf5 51. Kb6 Ke4 52. Nc5+ Ke3
53. Nxb7 Kf2 54. a4 Kxg3 55. a5 Kf4 56. b5 g3 57. bxa6 g2 58. Ka7 g1=Q+ 59. Kb8
Qg8+ 60. Ka7 Qc8 61. Kb6 Qc6+ 0-1

[Event "V Corsicoscacchi"]
[Site "Corsico ITA"]
[Date "1992.10.??"]
[Round "3"]
[White "Luciani, Valerio"]
[Black "Cividali, Emilio"]
[WhiteElo "1905"]
[BlackElo "1800"]
[Result "1/2-1/2"]
[PlyCount "29"]
[EventDate "1992.10.10"]

1. d4 d5 2. Nf3 Nf6 3. g3 c6 4. Bg2 Bg4 5. O-O e6 6. Bg5 Be7 7. Nbd2 Nbd7 8. c3
O-O 9. Re1 h6 10. Bxf6 Nxf6 11. Qb3 Qc7 12. Ne5 Bf5 13. Rac1 Rac8 14. c4 Qb8
15. Nd3 1/2-1/2

[Event "V Corsicoscacchi"]
[Site "Corsico ITA"]
[Date "1992.10.??"]
[Round "3"]
[White "Marelli, Mauro"]
[Black "Mascheroni, Maurizio"]
[WhiteElo "1950"]
[BlackElo "1830"]
[Result "1/2-1/2"]
[PlyCount "31"]
[EventDate "1992.10.10"]

1. d4 Nf6 2. c4 e6 3. Nf3 b6 4. a3 Bb7 5. e3 Be7 6. Nc3 O-O 7. Bd3 d5 8. b4
dxc4 9. Bxc4 c5 10. bxc5 bxc5 11. Be2 cxd4 12. exd4 Nbd7 13. O-O Rc8 14. Bb2
Qa5 15. Qd2 Rfd8 16. Rfd1 1/2-1/2

[Event "V Corsicoscacchi"]
[Site "Corsico ITA"]
[Date "1992.10.??"]
[Round "3"]
[White "Pace, Roberto"]
[Black "Griffa, Roberto"]
[WhiteElo "1830"]
[BlackElo "1857"]
[Result "1-0"]
[PlyCount "77"]
[EventDate "1992.10.10"]

1. e4 c5 2. Nf3 Nc6 3. d4 cxd4 4. Nxd4 Nf6 5. Nc3 e5 6. Nde2 Bc5 7. Ng3 Qb6 8.
Qd2 Ng4 9. Nd1 O-O 10. h3 Nxf2 11. Nxf2 d5 12. Bd3 f5 13. exd5 Nb4 14. O-O e4
15. Bxe4 fxe4 16. Ngxe4 Bf5 17. Nxc5 Qxc5 18. c3 Nxd5 19. Qd4 Qxd4 20. cxd4 Nb4
21. Bd2 Nc2 22. Rac1 Nxd4 23. Rfe1 Rfe8 24. Rc7 Rxe1+ 25. Bxe1 Re8 26. Kf1 Ne2
27. Ng4 Bd3 28. Kf2 Rf8+ 29. Ke3 Ba6 30. Ke4 Rf4+ 31. Ke5 Rf8 32. Kd6 Nd4 33.
a4 Nf5+ 34. Ke6 h5 35. Bc3 Bd3 36. Ne5 Rf6+ 37. Kd5 Rd6+ 38. Kc5 Ne3 39. Kxd6
1-0